| 000 | 00839nam a22002297a 4500 | ||
|---|---|---|---|
| 003 | 0 | ||
| 005 | 20251027145053.0 | ||
| 008 | 251027b xxu||||| |||| 00| 0 eng d | ||
| 020 | _a978-981-12-9608-6 | ||
| 050 |
_aG 155.B8 _b.R34 2025 |
||
| 100 |
_aRafailova, Genka, _eauthor. |
||
| 245 |
_aDevelopment of a smart tourism destination / _cGenka Rafailova, Zlatka Todorova-Hamdan, and Hristina Filipova. |
||
| 260 |
_aSingapore : _bWorld Scientific Publishing Co. Pte. Ltd., _c2025. |
||
| 300 |
_axxiii, 194 pages : _billustrations ; _c24 cm. |
||
| 504 | _aIncludes bibliographical references and index. | ||
| 650 |
_aEcotourism _zBulgaria. |
||
| 650 |
_aSmart cities _zBulgaria. |
||
| 650 |
_aSustainable tourism _zBulgaria. |
||
| 700 |
_aHamdan, Zlatka Todorova-, _eauthor. |
||
| 700 |
_aFilipova, Hristina, _eauthor. |
||
| 942 |
_2lcc _cBK |
||
| 999 |
_c368349 _d368349 |
||